1147 1366 1175 1723 1745 1466 1916 1355 1940 1836 1196 1431 1700 1707 1376 1612 1160 1238 1041 1537 1913 1806 1044 1892 1430 1478 1714 1885 1499 1792 1422 1398 1382 1918 1599 1209 1458 1339 1176 1486 1959 1231 1872 1084 1707 1246 1281 1712 1281 1086 1084 1392 1310 1043 1963 1091 1493 1592 1439 1736 1554 1276 1627 1497 1618 1789 1880 1244 1911 1676 1818 1794 1091 1675 1062 1677 1393 1450 1942 1928 1531 1261 1896 1600 1793 1680 1044 1921 1859 1666 1005 1537 1296 1418 1935 1797 1062 1876 1562 BCNSPRNW ULIB Ver.6.0+V

เปลี่ยนเป็นภาษาไทย

Change to English
 แสดงรายละเอียดบรรณานุกรม
  กลับหน้าหลัก

Brief Record : Get Marc (ISO 2709) : E-mail record : QR code < ปิดหน้าต่าง
LEADER : 00000nam 2200000uu 4500
001    13399123333
003     ULIB
008    140822s2549||||th 000 0 tha d
100 0  สิรภัทร โสตถิยาภัย
245 00 สมรรถภาพทางกาย
945    ^p0^l0^i021780
999    ^aเกษร โพธิ์สุวรรณ
รายการนี้ยังไม่มีแท็ก
คุณยังไม่ได้ล็อกอิน คุณสามารถมีกิจกรรมร่วมกับเว็บไซต์ได้ แต่ต้องล็อกอินก่อน ::
  ล็อกอิน

รายการสื่อสารสนเทศ

ลำดับที่ ประเภท เลขเรียก/บาร์โค้ด สถานที่ สถานะ
1. งานวิจัย
งานวิจัย
 ฉ.1 
  Barcode: 021780
ห้องสมุดวิทยาเขตสวรรค์ประชารักษ์
►วิจัย
บนชั้น

รายการใกล้เคียง
    ชื่อเรื่อง [สมรรถภาพทางกาย]

BibComment


ยังไม่เคยถูกคอมเมนท์

คอมเมนท์ทรัพยากรรายการนี้
  คอมเมนท์: สมรรถภาพทางกาย


 Copyright 2026. Bcnsprnw @Library